[Event "Athens PAO CC-ch 16th"]
[Site "Athens"]
[Date "2024.02.23"]
[Round "6"]
[White "Ntounias, Ioannis"]
[Black "Nikitakis, Michail"]
[Result "1-0"]
[WhiteElo "1771"]
[BlackElo "1579"]
[PlyCount "69"]
[EventDate "2024.01.19"]
[EventType "swiss"]
[EventRounds "7"]
[EventCountry "GRE"]
[SourceTitle "CB16_2024"]
[SourceDate "2024.04.17"]
[SourceVersion "1"]
[SourceVersionDate "2024.04.17"]
[SourceQuality "1"]

1. e4 c5 2. Nf3 e6 3. d4 cxd4 4. Nxd4 Nc6 5. Nc3 Qc7 6. Be3 a6 7. Be2 Nf6 8. a3 Be7 9. f4 d6 10. 0-0 Nxd4 11. Bxd4 e5 12. Be3 0-0 13. Qe1 Be6 14. Qg3 Kh8 15. Rad1 h6 16. Rf2 Bc4 17. fxe5 dxe5 18. Bxc4 Qxc4 19. Qxe5 Rae8 20. Qf5 Qe6 21. Qxe6 fxe6 22. h3 e5 23. Rf5 Bd8 24. Bc5 Rf7 25. g4 Ba5 26. b4 Rc7 27. Rd3 Rec8 28. Nd5 Nxd5 29. exd5 e4 30. Re3 b6 31. Bd4 Rxc2 32. bxa5 Rd2 33. Rxe4 Rc1+ 34. Rf1 Rcc2 35. Rf2 1-0

[Event "Athens PAO CC-ch 16th"]
[Site "Athens"]
[Date "2024.01.26"]
[Round "2"]
[White "Ntounias, Ioannis"]
[Black "Kazantzoglou, Nikolaos"]
[Result "1-0"]
[WhiteElo "1771"]
[BlackElo "1467"]
[PlyCount "51"]
[EventDate "2024.01.19"]
[EventType "swiss"]
[EventRounds "7"]
[EventCountry "GRE"]
[SourceTitle "CB16_2024"]
[SourceDate "2024.04.17"]
[SourceVersion "1"]
[SourceVersionDate "2024.04.17"]
[SourceQuality "1"]

1. e4 d5 2. exd5 Nf6 3. Nf3 Bg4 4. Nc3 Nxd5 5. Bc4 Nf6 6. Bxf7+ Kxf7 7. Ne5+ Ke8 8. Nxg4 Nbd7 9. d3 h5 10. Nxf6+ Nxf6 11. Bg5 Qd4 12. Qf3 Kf7 13. 0-0-0 e6 14. Ne4 Be7 15. Be3 Qe5 16. Rhe1 Qa5 17. Kb1 Ke8 18. Ng5 Rd8 19. Nxe6 Rd5 20. Bd2 Qb6 21. Nxg7+ Kd7 22. c4 Ba3 23. Bc3 Rd6 24. Qf5+ Kd8 25. Ne6+ Rxe6 26. Rxe6 1-0

[Event "GRE-ch U14"]
[Site "Peristeri"]
[Date "2023.07.08"]
[Round "8"]
[White "Ntounias, Ioannis"]
[Black "Kassios, Dimitrios"]
[Result "1-0"]
[WhiteElo "1815"]
[BlackElo "1885"]
[PlyCount "103"]
[EventDate "2023.07.03"]
[EventType "swiss"]
[EventRounds "9"]
[EventCountry "GRE"]
[SourceTitle "EXT 2024"]
[Source "ChessBase"]
[SourceDate "2023.10.10"]
[SourceVersion "1"]
[SourceVersionDate "2023.10.10"]
[SourceQuality "1"]

1. e4 c5 2. Nf3 Nc6 3. d4 cxd4 4. Nxd4 e5 5. Nb5 d6 6. c4 Be6 7. N1c3 a6 8. Na3 g6 9. Be3 Nf6 10. f3 Bg7 11. Qd2 0-0 12. Be2 Rc8 13. 0-0 Nd4 14. Rfd1 Nh5 15. Rac1 f5 16. exf5 Nxf5 17. Ne4 Nf4 18. Bf1 Bh6 19. Kh1 Kg7 20. Nxd6 Nxe3 21. Qxe3 Nd3 22. Qxd3 Bxc1 23. Rxc1 Qg5 24. Rd1 Rc7 25. Ne4 Qe7 26. Qc3 Bf5 27. Ng3 Qf6 28. b4 e4 29. Qxf6+ Rxf6 30. fxe4 Bg4 31. Re1 Rf2 32. c5 Rxa2 33. Nc4 Ra4 34. Nd6 Re7 35. h3 Bd7 36. Nxb7 Rxb4 37. Nd6 Rb3 38. Ne2 Rb4 39. Nf4 Bc6 40. Bxa6 Ra4 41. Bc4 Re5 42. Ne6+ Rxe6 43. Bxe6 Kf6 44. Bd5 Ra6 45. Nc4 Bb5 46. e5+ Ke7 47. Nd6 Bc6 48. Bc4 Ra5 49. Rf1 Rxc5 50. Rf7+ Kd8 51. Rxh7 Bd5 52. e6 1-0

[Event "GRE-ch U14"]
[Site "Peristeri"]
[Date "2023.07.06"]
[Round "5"]
[White "Gkogkas, Panteleimon"]
[Black "Ntounias, Ioannis"]
[Result "0-1"]
[WhiteElo "1339"]
[BlackElo "1815"]
[PlyCount "84"]
[EventDate "2023.07.03"]
[EventType "swiss"]
[EventRounds "9"]
[EventCountry "GRE"]
[SourceTitle "EXT 2024"]
[Source "ChessBase"]
[SourceDate "2023.10.10"]
[SourceVersion "1"]
[SourceVersionDate "2023.10.10"]
[SourceQuality "1"]

1. e4 c5 2. Nf3 g6 3. c3 Bg7 4. d4 cxd4 5. cxd4 d6 6. Nc3 Nc6 7. Be3 Nf6 8. Be2 Ng4 9. 0-0 0-0 10. a3 Nxe3 11. fxe3 a6 12. b4 b5 13. Rc1 Bb7 14. Qd3 Rc8 15. Rc2 Nb8 16. Rfc1 Nd7 17. Nd5 Rxc2 18. Rxc2 e6 19. Nc3 Nb6 20. Nd2 Qg5 21. Bf3 Nc4 22. Nxc4 bxc4 23. Qe2 d5 24. e5 f6 25. exf6 Bxf6 26. Na4 e5 27. dxe5 Qxe5 28. Nc5 Bc6 29. Ra2 Bg5 30. e4 Qd4+ 31. Kh1 dxe4 32. Bg4 e3 33. Ne6 Qxg4 34. Nxf8 Qxe2 35. Rxe2 Kxf8 36. Kg1 Be4 37. Re1 Bd3 38. a4 e2 39. Kf2 Bd2 40. b5 Bxe1+ 41. Kxe1 c3 42. b6 c2 0-1

[Event "GRE-ch U14"]
[Site "Peristeri"]
[Date "2023.07.05"]
[Round "4"]
[White "Ntounias, Ioannis"]
[Black "Katsanis, Vasileios Dimitrios"]
[Result "0-1"]
[WhiteElo "1815"]
[BlackElo "1956"]
[PlyCount "132"]
[EventDate "2023.07.03"]
[EventType "swiss"]
[EventRounds "9"]
[EventCountry "GRE"]
[SourceTitle "EXT 2024"]
[Source "ChessBase"]
[SourceDate "2023.10.10"]
[SourceVersion "1"]
[SourceVersionDate "2023.10.10"]
[SourceQuality "1"]

1. e4 c6 2. d4 d5 3. Nc3 dxe4 4. Nxe4 Nf6 5. Ng3 h5 6. h3 h4 7. N3e2 Bf5 8. Nf3 Ne4 9. Nc3 e6 10. Nxe4 Bxe4 11. c3 Be7 12. Bd3 Bxd3 13. Qxd3 Nd7 14. Be3 Qa5 15. 0-0 0-0-0 16. a4 Qh5 17. b4 g5 18. b5 c5 19. a5 g4 20. hxg4 Qxg4 21. Nh2 Qh5 22. a6 b6 23. Qe4 Qd5 24. Qxd5 exd5 25. Rfe1 Bd6 26. Rad1 c4 27. Nf3 Rh5 28. Ng5 Rf8 29. Bc1 Nf6 30. f3 Kd7 31. Re2 Ne8 32. Bd2 Nc7 33. Rb1 Bg3 34. Nh3 Ne6 35. Be1 Bd6 36. Bd2 Bg3 37. Be1 Bd6 38. Bd2 Rg8 39. Rf1 Rf5 40. Kh1 Ng7 41. Be1 Rh8 42. Kg1 Ne6 43. Bd2 Re8 44. Be3 Rf6 45. Bf2 Rh8 46. Rfe1 Nc7 47. Rb1 Re6 48. Rxe6 Kxe6 49. Rb2 Kf5 50. Kf1 Rh6 51. Ng1 Be7 52. Be3 Re6 53. Kf2 Bd6 54. Ne2 Bg3+ 55. Nxg3+ hxg3+ 56. Ke2 Re8 57. Rb1 Rh8 58. Kf1 Rh1+ 59. Bg1 Kg6 60. Rb2 f5 61. Rb1 f4 62. Rb2 Kf6 63. Rb1 Ne6 64. Re1 Ng7 65. Ke2 Nf5 66. Kd2 Nh4 0-1

[Event "Nikaia op 29th"]
[Site "Nikaia"]
[Date "2022.09.03"]
[Round "3"]
[White "Ntounias, Ioannis"]
[Black "Kolomvas, Dimitrios"]
[Result "1/2-1/2"]
[WhiteElo "1576"]
[BlackElo "1904"]
[PlyCount "77"]
[EventDate "2022.09.01"]
[EventType "swiss"]
[EventRounds "9"]
[EventCountry "GRE"]
[SourceTitle "CBM 210 Extra"]
[Source "ChessBase"]
[SourceDate "2022.11.30"]
[SourceVersion "1"]
[SourceVersionDate "2022.11.30"]
[SourceQuality "1"]

1. e4 c5 2. Nf3 Nc6 3. d4 cxd4 4. Nxd4 e5 5. Nb5 d6 6. Be3 Nf6 7. N1c3 a6 8. Na3 b5 9. Nd5 Nxd5 10. exd5 Ne7 11. c4 Nf5 12. Bd3 Nxe3 13. fxe3 Qb6 14. Qe2 b4 15. Nb1 g6 16. Nd2 f5 17. e4 f4 18. Nf3 Be7 19. Qf2 Qxf2+ 20. Kxf2 0-0 21. Rac1 Bd8 22. c5 dxc5 23. Nxe5 Bf6 24. Nc6 Bg4 25. g3 Bxb2 26. Rxc5 h5 27. Rf1 f3 28. Bc4 Kg7 29. Rd1 Bd7 30. Rd3 Bxc6 31. dxc6 Rfc8 32. c7 Ra7 33. Rd7+ Kh6 34. Kxf3 a5 35. Rc6 Be5 36. Bf7 Rcxc7 37. Rdxc7 Rxc7 38. Rxc7 Bxc7 39. Be8 1/2-1/2

[Event "GRE-chT 49th"]
[Site "Thessaloniki"]
[Date "2022.08.16"]
[Round "6.6"]
[White "Balafoutas, Alexandros"]
[Black "Ntounias, Ioannis"]
[Result "0-1"]
[WhiteElo "1291"]
[BlackElo "1576"]
[PlyCount "130"]
[EventDate "2022.08.12"]
[EventType "team-swiss"]
[EventRounds "7"]
[EventCountry "GRE"]
[SourceTitle "CBM 209 Extra"]
[Source "ChessBase"]
[SourceDate "2022.09.30"]
[SourceVersion "1"]
[SourceVersionDate "2022.09.30"]
[SourceQuality "1"]
[WhiteTeam "Thessaloniki Aris"]
[BlackTeam "Panionios YS"]
[WhiteTeamCountry "GRE"]
[BlackTeamCountry "GRE"]

1. e4 c5 2. Nf3 g6 3. d3 Bg7 4. Qe2 Nc6 5. g3 d6 6. Bg2 Bg4 7. c3 Nf6 8. h3 Bd7 9. 0-0 0-0 10. Bf4 Nh5 11. Be3 e5 12. Nbd2 Qe7 13. Nh4 Rae8 14. Ndf3 Be6 15. Ng5 h6 16. Nxe6 Qxe6 17. Qd2 Kh7 18. Kh2 f5 19. exf5 gxf5 20. Qe2 Nf6 21. Nxf5 Qxf5 22. Qd2 Qe6 23. g4 Nd5 24. Be4+ Kh8 25. Bf5 Qf6 26. Rae1 Nce7 27. Bd7 Rd8 28. g5 hxg5 29. Bxg5 Qg6 30. Bxe7 Nxe7 31. Bg4 Bh6 32. Qe2 Nd5 33. Bh5 Qf6 34. Kh1 Nf4 35. Qg4 Nxh5 36. Qxh5 Qf3+ 37. Qxf3 Rxf3 38. Kg2 Rxd3 39. Re4 Bf4 40. Rfe1 Rg8+ 41. Kf1 Rxh3 42. Ke2 b5 43. Rd1 Rg6 44. a4 a6 45. axb5 axb5 46. b4 Rxc3 47. bxc5 Rc2+ 48. Kd3 Rxc5 49. Ra1 d5 50. Ree1 Kg7 51. Ra7+ Kf6 52. Ra6+ Kf5 53. Ra8 Rf6 54. f3 e4+ 55. fxe4+ dxe4+ 56. Rxe4 Be5 57. Rb4 Rd6+ 58. Ke2 Rd4 59. Rf8+ Ke4 60. Rxd4+ Kxd4 61. Kd2 Kc4 62. Kc2 b4 63. Rf3 Ra5 64. Re3 b3+ 65. Kd2 Bf4 0-1

[Event "GRE-chT 49th"]
[Site "Thessaloniki"]
[Date "2022.08.15"]
[Round "5.6"]
[White "Ntounias, Ioannis"]
[Black "Papakyriakou, Charalampos"]
[Result "1-0"]
[WhiteElo "1576"]
[BlackElo "1317"]
[PlyCount "83"]
[EventDate "2022.08.12"]
[EventType "team-swiss"]
[EventRounds "7"]
[EventCountry "GRE"]
[SourceTitle "CBM 209 Extra"]
[Source "ChessBase"]
[SourceDate "2022.09.30"]
[SourceVersion "1"]
[SourceVersionDate "2022.09.30"]
[SourceQuality "1"]
[WhiteTeam "Panionios YS"]
[BlackTeam "Pneemathlon"]
[WhiteTeamCountry "GRE"]
[BlackTeamCountry "GRE"]

1. e4 e6 2. d4 d5 3. e5 c5 4. c3 Nc6 5. Nf3 Bd7 6. Be2 Nge7 7. Be3 Nf5 8. 0-0 Nxe3 9. fxe3 Be7 10. Bd3 0-0 11. Qe2 f6 12. exf6 Bxf6 13. Nbd2 Qe7 14. e4 cxd4 15. e5 Bg5 16. cxd4 Nb4 17. Bb1 Rac8 18. Nb3 a6 19. a4 b6 20. Bd3 Nxd3 21. Qxd3 a5 22. Nbd2 Bxd2 23. Qxd2 Be8 24. Rf2 Bg6 25. Rc1 Rxc1+ 26. Qxc1 Be4 27. Ng5 Bf5 28. Nf3 Qb4 29. Qc6 Bg4 30. h3 Bf5 31. Kh2 h5 32. Qd7 Rf7 33. Qd8+ Rf8 34. Qh4 g6 35. g4 Be4 36. Ng5 Qe7 37. Rxf8+ Qxf8 38. gxh5 gxh5 39. Nxe6 Qf5 40. Qd8+ Kh7 41. Qe7+ Kh6 42. Qg7# 1-0

[Event "GRE-chT 49th"]
[Site "Thessaloniki"]
[Date "2022.08.13"]
[Round "3.6"]
[White "Ntounias, Ioannis"]
[Black "Palaiologou, Apostolos"]
[Result "0-1"]
[WhiteElo "1576"]
[BlackElo "1463"]
[PlyCount "58"]
[EventDate "2022.08.12"]
[EventType "team-swiss"]
[EventRounds "7"]
[EventCountry "GRE"]
[SourceTitle "CBM 209 Extra"]
[Source "ChessBase"]
[SourceDate "2022.09.30"]
[SourceVersion "1"]
[SourceVersionDate "2022.09.30"]
[SourceQuality "1"]
[WhiteTeam "Panionios YS"]
[BlackTeam "Kerkeras"]
[WhiteTeamCountry "GRE"]
[BlackTeamCountry "GRE"]

1. e4 c5 2. Nf3 d6 3. d4 cxd4 4. Nxd4 Nf6 5. Nc3 a6 6. Be3 e5 7. Nb3 Be6 8. Be2 Be7 9. Qd2 Nbd7 10. f4 b5 11. a3 Rc8 12. Bf3 Nb6 13. Na5 Nc4 14. Nxc4 Bxc4 15. Qf2 Nd7 16. Bg4 h5 17. Bh3 exf4 18. Bxf4 g5 19. Bxd7+ Qxd7 20. Be3 Rh6 21. 0-0-0 a5 22. Nd5 Bxd5 23. Rxd5 Rg6 24. Bd4 Re6 25. Rf1 Bf8 26. e5 Qb7 27. exd6 Bxd6 28. Rxg5 Qe7 29. Qf5 Re1+ 0-1

[Event "EU-ch Amateur Online 1700/2000"]
[Site "Tornelo INT"]
[Date "2021.04.24"]
[Round "3"]
[White "Ntounias, Ioannis"]
[Black "Nikolov, Yavor"]
[Result "0-1"]
[WhiteElo "1306"]
[BlackElo "1999"]
[PlyCount "114"]
[EventDate "2021.04.24"]
[EventType "swiss (rapid)"]
[EventRounds "8"]
[EventCountry "NET"]
[SourceTitle "EXT 2023"]
[Source "ChessBase"]
[SourceDate "2022.10.05"]
[SourceVersion "1"]
[SourceVersionDate "2022.10.05"]
[SourceQuality "1"]

1. e4 c5 2. Nf3 g6 3. d4 cxd4 4. Nxd4 Bg7 5. Nc3 Nc6 6. Be3 Nf6 7. f3 Qb6 8. Nf5 Qxb2 9. Nxg7+ Kf8 10. Nd5 Nxd5 11. exd5 Nb4 12. Bd3 Nxd3+ 13. cxd3 Qxg2 14. Rg1 Qxh2 15. Nf5 gxf5 16. Qb3 b6 17. Qc3 f6 18. Rd1 Rg8 19. Rxg8+ Kxg8 20. d6 Qxd6 21. Ke2 Bb7 22. Rg1+ Kf7 23. Qc4+ Qd5 24. Qh4 Qxa2+ 25. Bd2 Ke6 26. Qxh7 Qd5 27. Qh3 Rc8 28. Re1 Kd6 29. Bb4+ Kc6 30. Rc1+ Kb5 31. Rxc8 Bxc8 32. Bd2 Bb7 33. Qf1 a5 34. Kd1 Qxf3+ 35. Qxf3 Bxf3+ 36. Kc2 Bd5 37. Kc3 e5 38. Bh6 f4 39. Kd2 f5 40. Bg7 d6 41. Bf8 Kc6 42. Bh6 f3 43. Ke3 f4+ 44. Kf2 a4 45. d4 a3 46. dxe5 dxe5 47. Bg7 b5 48. Bxe5 b4 49. Bxf4 b3 50. Be5 b2 51. Bxb2 axb2 52. Kg3 b1Q 53. Kf4 f2 54. Ke5 Qe4+ 55. Kf6 f1Q+ 56. Kg7 Qeg2+ 57. Kh6 Qfh1# 0-1

[Event "EU-ch Amateur Online 1700/2000"]
[Site "Tornelo INT"]
[Date "2021.04.24"]
[Round "1"]
[White "Ntounias, Ioannis"]
[Black "Rotunno, Flavio"]
[Result "1-0"]
[WhiteElo "1306"]
[BlackElo "1810"]
[PlyCount "77"]
[EventDate "2021.04.24"]
[EventType "swiss (rapid)"]
[EventRounds "8"]
[EventCountry "NET"]
[SourceTitle "EXT 2023"]
[Source "ChessBase"]
[SourceDate "2022.10.05"]
[SourceVersion "1"]
[SourceVersionDate "2022.10.05"]
[SourceQuality "1"]

1. e4 c5 2. Nf3 e6 3. d4 cxd4 4. Nxd4 a6 5. c4 Nc6 6. Nc3 Qc7 7. Be2 Nf6 8. 0-0 Bb4 9. Bf3 0-0 10. Nxc6 dxc6 11. Bd2 Rd8 12. Qc2 Bd6 13. h3 Rb8 14. Rac1 Nd7 15. Rfe1 Ne5 16. Be2 Qe7 17. f4 Ng6 18. e5 Bc5+ 19. Kh2 Qh4 20. g3 Qe7 21. Ne4 Ba7 22. a3 b5 23. c5 Rd5 24. b4 Rd7 25. Bf3 Bb7 26. Nd6 Rbd8 27. Bc3 Ba8 28. Rcd1 a5 29. Ne4 a4 30. Rxd7 Rxd7 31. Rd1 Qd8 32. Rxd7 Qxd7 33. Nd6 Qd8 34. Qd2 Ne7 35. g4 Nd5 36. Bxd5 exd5 37. Qd4 Bb8 38. e6 Bxd6 39. Qxg7# 1-0

[Event "EU-ch Amateur Online 1700/2000"]
[Site "Tornelo INT"]
[Date "2021.04.24"]
[Round "6"]
[White "Thake, Conrad"]
[Black "Ntounias, Ioannis"]
[Result "0-1"]
[WhiteElo "1809"]
[BlackElo "1306"]
[PlyCount "52"]
[EventDate "2021.04.24"]
[EventType "swiss (rapid)"]
[EventRounds "8"]
[EventCountry "NET"]
[SourceTitle "EXT 2023"]
[Source "ChessBase"]
[SourceDate "2022.10.05"]
[SourceVersion "1"]
[SourceVersionDate "2022.10.05"]
[SourceQuality "1"]

1. e4 c5 2. Nf3 e6 3. b3 Nc6 4. Bb2 d5 5. exd5 exd5 6. Bb5 Nf6 7. Bxc6+ bxc6 8. 0-0 Be7 9. d3 0-0 10. h3 Bd6 11. Qd2 Be6 12. Qg5 d4 13. Nbd2 h6 14. Qh4 Qc7 15. Ne4 Nxe4 16. dxe4 f5 17. Rfe1 fxe4 18. Qxe4 Bd5 19. Qd3 Bxf3 20. gxf3 Qf7 21. Qe4 Rae8 22. Qg4 Kh7 23. Re4 Kh8 24. Kg2 h5 25. Qh4 Qxf3+ 26. Kg1 Rxe4 0-1

[Event "EU-ch Amateur Online 1700/2000"]
[Site "Tornelo INT"]
[Date "2021.04.24"]
[Round "2"]
[White "Walterova, Ema"]
[Black "Ntounias, Ioannis"]
[Result "1/2-1/2"]
[WhiteElo "1823"]
[BlackElo "1306"]
[PlyCount "145"]
[EventDate "2021.04.24"]
[EventType "swiss (rapid)"]
[EventRounds "8"]
[EventCountry "NET"]
[SourceTitle "EXT 2023"]
[Source "ChessBase"]
[SourceDate "2022.10.05"]
[SourceVersion "1"]
[SourceVersionDate "2022.10.05"]
[SourceQuality "1"]

1. e4 c5 2. Nf3 e6 3. g3 Nc6 4. Bg2 d6 5. 0-0 Nf6 6. Re1 Be7 7. d3 0-0 8. Nc3 Rb8 9. Bf4 e5 10. Bg5 b5 11. Bxf6 Bxf6 12. Nd5 Be6 13. Ne3 Nd4 14. c3 Nc6 15. Nc2 a5 16. d4 cxd4 17. cxd4 exd4 18. Ncxd4 Nxd4 19. Nxd4 Qb6 20. Nxe6 fxe6 21. Qe2 Bd4 22. Rf1 Rbc8 23. Bh3 Rce8 24. Rac1 Kh8 25. Rc2 e5 26. Qh5 g6 27. Qe2 Rf6 28. Kh1 Ref8 29. f3 b4 30. Bg2 a4 31. Rfc1 Bc5 32. b3 axb3 33. axb3 Ra8 34. Ra2 Rff8 35. Rca1 Qb7 36. Ra6 Rfc8 37. Qc4 Bd4 38. Rxa8 Rxa8 39. Rxa8+ Qxa8 40. Bf1 Qb7 41. Kg2 Kg7 42. Bd3 h5 43. f4 Bc3 44. Qd5 Qxd5 45. exd5 Kf6 46. Kf3 g5 47. fxg5+ Kxg5 48. Be4 Bd4 49. h3 Bc3 50. Bd3 Bb2 51. h4+ Kf6 52. g4 hxg4+ 53. Kxg4 Bc1 54. Be4 Bd2 55. Bd3 e4 56. Bxe4 Ke5 57. Bf3 Kd4 58. Kf5 Kc3 59. Bd1 Be3 60. Ke6 Kd2 61. Bf3 Bf4 62. h5 Kc2 63. h6 Bxh6 64. Kxd6 Bg5 65. Kc6 Kxb3 66. Be4 Kc3 67. d6 b3 68. d7 b2 69. Kb7 Kd2 70. Kc8 Kc1 71. d8Q Bxd8 72. Kxd8 b1Q 73. Bxb1 1/2-1/2

[Event "EU-ch Amateur Online 1400/1700"]
[Site "Tornelo INT"]
[Date "2021.04.17"]
[Round "6"]
[White "Alfano, Emilie"]
[Black "Ntounias, Ioannis"]
[Result "1/2-1/2"]
[WhiteElo "1621"]
[BlackElo "1306"]
[PlyCount "84"]
[EventDate "2021.04.17"]
[EventType "swiss (rapid)"]
[EventRounds "8"]
[EventCountry "NET"]
[SourceTitle "EXT 2023"]
[Source "ChessBase"]
[SourceDate "2022.10.05"]
[SourceVersion "1"]
[SourceVersionDate "2022.10.05"]
[SourceQuality "1"]

1. e4 c5 2. Nf3 d6 3. Bb5+ Bd7 4. c4 Bxb5 5. cxb5 Nf6 6. Nc3 e5 7. d3 Be7 8. 0-0 0-0 9. Bg5 a6 10. bxa6 bxa6 11. Bxf6 Bxf6 12. Nd5 Nc6 13. Qa4 Nd4 14. Nxd4 exd4 15. Rac1 Rb8 16. Rc2 a5 17. Rfc1 Re8 18. h3 g6 19. Nxf6+ Qxf6 20. Qxa5 Ra8 21. Qb5 Reb8 22. Qc4 Rb4 23. Qd5 Rbb8 24. a3 Qf4 25. Qc4 Ra7 26. b4 Rxa3 27. bxc5 dxc5 28. Rd1 Rbb3 29. Rcd2 Rc3 30. Qb5 Rab3 31. Qa6 Rb1 32. Qc8+ Kg7 33. Rxb1 Qxd2 34. g3 Qxd3 35. Rb8 Rc1+ 36. Kh2 Rh1+ 37. Kxh1 Qf1+ 38. Kh2 Qxf2+ 39. Kh1 Qf1+ 40. Kh2 Qf2+ 41. Kh1 Qf1+ 42. Kh2 Qf2+ 1/2-1/2

[Event "GRE-chT Online Rapid op 1st"]
[Site "Tornelo INT"]
[Date "2021.02.21"]
[Round "6.31"]
[White "Ntounias, Ioannis"]
[Black "Siakavaras, Konstantinos"]
[Result "1-0"]
[WhiteElo "1306"]
[BlackElo "1116"]
[PlyCount "55"]
[EventDate "2021.02.20"]
[EventType "team-swiss (rapid)"]
[EventRounds "9"]
[EventCountry "GRE"]
[SourceTitle "EXT 2023"]
[Source "ChessBase"]
[SourceDate "2022.10.05"]
[SourceVersion "1"]
[SourceVersionDate "2022.10.05"]
[SourceQuality "1"]

1. e4 e5 2. Nf3 Nc6 3. d4 exd4 4. Bc4 Bc5 5. c3 dxc3 6. Bxf7+ Kxf7 7. Qd5+ Ke8 8. Qxc5 d6 9. Qe3 Nf6 10. 0-0 cxb2 11. Bxb2 Qe7 12. Nbd2 Bg4 13. Nd4 Nxd4 14. Qxd4 Nd7 15. f4 Rg8 16. h3 Be2 17. Rfe1 Bb5 18. Nf3 Kd8 19. Qd5 Re8 20. Qxb5 b6 21. e5 dxe5 22. Nxe5 Nxe5 23. Rxe5 Qf7 24. Rd1+ Kc8 25. Rxe8+ Kb7 26. Rxa8 Kxa8 27. Qc6+ Kb8 28. Rd8# 1-0

[Event "GRE-ch Online Rapid op 1st"]
[Site "Tornelo INT"]
[Date "2021.02.06"]
[Round "6"]
[White "Ntounias, Ioannis"]
[Black "Kiryttopoulos, Ioannis"]
[Result "1-0"]
[WhiteElo "1220"]
[BlackElo "1070"]
[PlyCount "97"]
[EventDate "2021.02.06"]
[EventType "swiss (rapid)"]
[EventRounds "8"]
[EventCountry "GRE"]
[SourceTitle "EXT 2023"]
[Source "ChessBase"]
[SourceDate "2022.10.05"]
[SourceVersion "1"]
[SourceVersionDate "2022.10.05"]
[SourceQuality "1"]

1. e4 c5 2. Nf3 Nc6 3. d4 cxd4 4. Nxd4 Nf6 5. Nc3 e6 6. Bg5 Bb4 7. Nxc6 bxc6 8. Bd3 Qa5 9. Bd2 0-0 10. 0-0 d5 11. exd5 cxd5 12. a3 Bxc3 13. Bxc3 Qd8 14. Qf3 Bb7 15. Qh3 h6 16. Qh4 Ne4 17. Qxd8 Rfxd8 18. Bxe4 dxe4 19. Rad1 Rd5 20. Rd4 Rad8 21. Rfd1 Rxd4 22. Rxd4 Rxd4 23. Bxd4 a6 24. Kf1 g6 25. Ke2 h5 26. g3 Kf8 27. Ke3 Ke8 28. c4 Kd7 29. b4 Kd6 30. Kf4 Bc6 31. Bc5+ Kd7 32. Ke5 Bb7 33. Be3 Bc6 34. Kd4 Kd6 35. Bf4+ Kd7 36. Kc5 Bb7 37. Kb6 Bc8 38. c5 f6 39. c6+ Kd8 40. a4 e5 41. Be3 g5 42. b5 axb5 43. axb5 h4 44. gxh4 gxh4 45. Kc5 Ke7 46. b6 Kd8 47. Kd6 f5 48. b7 f4 49. b8Q 1-0

[Event "GRE-ch South U10"]
[Site "Athens"]
[Date "2020.08.31"]
[Round "5"]
[White "Lafkidis, Apostolos"]
[Black "Ntounias, Ioannis"]
[Result "1-0"]
[WhiteElo "1467"]
[BlackElo "1288"]
[PlyCount "81"]
[EventDate "2020.08.28"]
[EventType "swiss"]
[EventRounds "9"]
[EventCountry "GRE"]
[SourceTitle "EXT 2023"]
[Source "ChessBase"]
[SourceDate "2022.10.05"]
[SourceVersion "1"]
[SourceVersionDate "2022.10.05"]
[SourceQuality "1"]

1. e4 c5 2. Nf3 d6 3. d4 cxd4 4. Nxd4 Nf6 5. f3 g6 6. c4 Bg7 7. Nc3 Nc6 8. Be3 a6 9. Qd2 Bd7 10. Be2 Qa5 11. 0-0 Rc8 12. Rac1 Ne5 13. b3 0-0 14. Rfd1 Nc6 15. Nxc6 bxc6 16. Bd4 Be6 17. Nd5 Qd8 18. Nxf6+ exf6 19. Be3 d5 20. cxd5 cxd5 21. Rxc8 Bxc8 22. Qxd5 Qc7 23. Qc5 Qb7 24. Qb6 Qa8 25. Rd8 h5 26. Rxf8+ Bxf8 27. Qd8 Qc6 28. Bc4 Kg7 29. Bh6+ Kxh6 30. Qxf8+ Kg5 31. Qb4 Qc7 32. Qd2+ Qf4 33. h4+ Kh6 34. Qxf4+ Kg7 35. Qc7 Bg4 36. Qxf7+ Kh6 37. Qf8+ Kh7 38. Bg8+ Kh8 39. Bf7+ Kh7 40. Qg8+ Kh6 41. Qxg6# 1-0

[Event "GRE-ch South U10"]
[Site "Athens"]
[Date "2020.08.31"]
[Round "6"]
[White "Ntounias, Ioannis"]
[Black "Chatziioannidis, Panagiotis"]
[Result "0-1"]
[WhiteElo "1288"]
[BlackElo "1124"]
[PlyCount "65"]
[EventDate "2020.08.28"]
[EventType "swiss"]
[EventRounds "9"]
[EventCountry "GRE"]
[SourceTitle "EXT 2023"]
[Source "ChessBase"]
[SourceDate "2022.10.05"]
[SourceVersion "1"]
[SourceVersionDate "2022.10.05"]
[SourceQuality "1"]

1. e4 d6 2. d4 Nf6 3. Nc3 g6 4. Bg5 Bg7 5. Bc4 Nxe4 6. Bxf7+ Kxf7 7. Nxe4 Rf8 8. Ne2 Kg8 9. Qd2 Qe8 10. f3 Nc6 11. c3 Qf7 12. Bh6 Bxh6 13. Qxh6 Qg7 14. Qe3 e5 15. 0-0-0 b5 16. d5 Ne7 17. Qd3 a6 18. h4 Qf7 19. c4 Bf5 20. Rhf1 b4 21. g4 Bxe4 22. Qxe4 Rae8 23. Rde1 Qf6 24. h5 g5 25. f4 gxf4 26. Rf3 Kh8 27. Ng3 Qg5 28. Ref1 Qh6 29. Ne2 Qg5 30. Ng3 fxg3+ 31. Kd1 Rxf3 32. Rxf3 g2 33. Rg3 0-1

[Event "GRE-ch South U10"]
[Site "Athens"]
[Date "2020.08.30"]
[Round "4"]
[White "Ntounias, Ioannis"]
[Black "Sarafis, Rafail"]
[Result "1/2-1/2"]
[WhiteElo "1288"]
[BlackElo "1422"]
[PlyCount "116"]
[EventDate "2020.08.28"]
[EventType "swiss"]
[EventRounds "9"]
[EventCountry "GRE"]
[SourceTitle "EXT 2023"]
[Source "ChessBase"]
[SourceDate "2022.10.05"]
[SourceVersion "1"]
[SourceVersionDate "2022.10.05"]
[SourceQuality "1"]

1. e4 c6 2. d4 d5 3. Nc3 dxe4 4. Nxe4 Nf6 5. Nxf6+ exf6 6. c3 Bd6 7. Bd3 0-0 8. Ne2 Re8 9. 0-0 Nd7 10. Bf4 Bxf4 11. Nxf4 Qc7 12. Qf3 Nf8 13. Rae1 Bd7 14. Re3 Rxe3 15. fxe3 Qb6 16. Rf2 Ne6 17. Nh5 Qd8 18. Qg3 Kh8 19. e4 Qg8 20. h4 b5 21. e5 fxe5 22. Qxe5 f6 23. Qd6 Rd8 24. Bf5 Qf7 25. Bxe6 Qxe6 26. Qxe6 Bxe6 27. Nf4 Bxa2 28. Re2 Rc8 29. b4 Bc4 30. Re7 a6 31. Kf2 g5 32. Nh5 Rf8 33. hxg5 fxg5+ 34. Ke3 Bf7 35. Nf6 Kg7 36. Ne4 h6 37. Nc5 Kf6 38. Re5 Re8 39. Rxe8 Bxe8 40. Nxa6 Bf7 41. Nc5 Bd5 42. g4 Kg6 43. Nd3 h5 44. Ne5+ Kh6 45. Kf2 h4 46. Kg1 Kg7 47. Kf2 Kf6 48. Kg1 Ke7 49. Kf2 Kd6 50. Kg1 Be6 51. Kf2 Kd5 52. Kf3 h3 53. Kg3 Kd6 54. Kxh3 Kd5 55. Kh2 Bxg4 56. Nxg4 Kc4 57. Ne5+ Kxc3 58. Nxc6 Kc4 1/2-1/2